[Event "1.FrauenBL 2016-17"]
[Site "Berlin"]
[Date "2017.04.29"]
[Round "10.3"]
[White "Sherif, Amina"]
[Black "Anisheva, Varvara"]
[Result "1-0"]
[WhiteElo "2003"]
[BlackElo "2130"]
[Annotator "TA"]
[PlyCount "113"]
[EventDate "2017.??.??"]
[EventType "team-tourn"]
[EventCountry "GER"]
[SourceTitle "playchess.com"]
[Source "ChessBase"]
[SourceQuality "1"]
[WhiteTeam "TuRa Harksheide"]
[BlackTeam "SV Medizin Erfurt"]

{[%evp 17,113,37,50,27,35,-8,-17,-14,48,25,39,22,33,36,63,58,77,58,85,61,114,102,129,124,159,158,170,153,139,69,79,65,107,105,123,32,149,158,164,123,137,90,140,123,121,100,147,87,144,75,109,112,139,138,162,133,164,120,126,118,128,101,114,106,197,154,226,159,325,337,308,21,612,598,850,685,740,744,983,981,971,968,919,919,1031,839,814,800,881,876,849,862,835,833,1500,1493,1485,1439]} 1. d4 Nf6 2. Nf3 g6 3. g3 Bg7 4. Bg2 O-O 5. c4 c5 6. Nc3 cxd4 7. Nxd4 Nc6 8. O-O Qb6 9. Nc2 d6 {LiveBook: 98 Games} 10. h3 {[%cal Bh2h3,Bh3h4][%mdl 32] A39: Symmetrical English vs ...g6: 4 Bg2 Bg7 5 Nf3 Nf6 6 0-0 0-0 7 d4} (10. Ne3 Qc5 11. Ncd5 Nxd5 12. cxd5 Nd4 13. Re1 Qb5 14. Rb1 Bd7 15. Bd2 Rfc8 16. Bc3 Qb6 17. Qd2 Nf5 18. Nxf5 Bxf5 {1-0 (31) Melkumyan,H (2654)-Alekseev,E (2642) Minsk 2015}) 10... Qc5 11. b3 Qh5 $1 12. h4 $1 {The position is equal.} Qa5 $146 (12... h6 $11) (12... Ng4 13. Qe1 h6 14. f3 Qc5+ 15. e3 Nf6 16. Bb2 Bf5 17. Na4 Qa5 18. Bc3 Qc7 19. Rc1 Rac8 20. g4 Bd7 21. g5 Nh5 22. f4 {½-½ (22) Kutirov,R (2337)-Krstevski,V (2145) Struga 2010}) 13. Bb2 Nh5 14. Qd2 Be6 15. Rfd1 Kh8 16. Ne3 f5 {[#]} 17. Ned5 $1 a6 18. e3 Rac8 (18... Bxd5 $14 19. Bxd5 (19. cxd5 Ne5 $14) (19. Nxd5 Qxd2 20. Rxd2 Rac8 $14) (19. Qxd5 Qxd5 20. Bxd5 Rab8 $14) 19... Nf6) 19. Rac1 $16 Rfe8 20. Qe2 Bf7 21. Na4 Bxd5 22. Rxd5 (22. cxd5 $6 Nb8 $14) 22... Qc7 23. Ba3 ({White should play} 23. c5 $16) 23... Nf6 24. Rdd1 b6 25. Nc3 Qa7 26. e4 ({White should try} 26. Nd5 $16) 26... fxe4 ({Better is} 26... b5 $1 $14) 27. Nxe4 Nxe4 28. Qxe4 Ne5 29. Bh3 Rcd8 30. Kg2 Nd7 31. Re1 {[%cal Bd1e1,Be1e2,Be2d2,Bd2d3][%mdl 32]} Nf6 32. Qe3 (32. Qc6 $142) 32... a5 (32... e5 $142) 33. Bb2 (33. Rcd1 $142) 33... e5 34. Rcd1 Rf8 35. Kg1 Qc7 36. Re2 h5 37. Red2 Kh7 38. Qe2 Bh6 39. Rd3 e4 40. Rd4 Qe7 (40... Qc5 $16 41. Re1 Bg7) 41. Ba3 {[%cal Ra3d6]} e3 (41... Rfe8 $16 42. Bxd6 Qb7) 42. f3 {[%cal Ra3d6,Bf2f3,Bf3f4][%mdl 32]} ({And not} 42. Bxd6 exf2+ 43. Kf1 (43. Qxf2 $2 Rxd6 44. Re1 Qxe1+ 45. Qxe1 Rxd4 $19) 43... Qxe2+ 44. Kxe2 Rfe8+ 45. Kxf2 Be3+ 46. Kf3 Bxd4 47. Rxd4 {[#]} Ng4 $1 $15 {[%mdl 512]}) 42... Qe5 $2 (42... Rfe8 $16 43. Bxd6 (43. Rxd6 Rxd6 44. Bxd6 Qb7 $18) 43... Qb7) 43. f4 $18 ({Less strong is} 43. Bxd6 Rxd6 44. Rxd6 Qxg3+ 45. Qg2 Qxh4 $16) (43. Rxd6 Qxg3+ 44. Bg2 Rxd6 45. Bxd6 Qxh4 46. Bxf8 Bxf8 $11) 43... Qe8 44. Bxd6 $2 (44. R4d3 $18) 44... Rxd6 $4 {[%mdl 8192]} (44... Ne4 $11 45. R1d3 (45. Bxf8 Nxg3 46. Rxd8 Nxe2+ 47. Kh2 Bxf4+ 48. Kh1 Qe4+ 49. Bg2 Ng3+ 50. Kg1 Ne2+ 51. Kh1 Ng3+ 52. Kg1 Ne2+ 53. Kh1 $11) 45... Nxg3) 45. Rxd6 {White is clearly winning.} Ne4 46. Rd7+ Bg7 47. Qxe3 Kh8 48. Re1 Nf6 49. Qxe8 Nxe8 50. Ree7 Kh7 51. Kf1 Kh6 52. Bg2 Rh8 53. Rd8 Nf6 54. Rxh8+ Bxh8 55. Re6 Kg7 56. Rxb6 Kf7 57. c5 1-0

[Event "1.FrauenBL 2016-17"]
[Site "Berlin"]
[Date "2017.04.29"]
[Round "10.4"]
[White "Osmanodja, Filiz"]
[Black "Mader, Manuela"]
[Result "1-0"]
[WhiteElo "2370"]
[BlackElo "2219"]
[Annotator "TA"]
[PlyCount "71"]
[EventDate "2017.??.??"]
[EventType "team-tourn"]
[EventCountry "GER"]
[SourceTitle "playchess.com"]
[Source "ChessBase"]
[SourceQuality "1"]
[WhiteTeam "SC Bad Königshofen"]
[BlackTeam "Karlsruher SF"]

{[%evp 16,71,60,24,45,27,39,0,0,2,12,0,-4,-2,43,32,50,9,39,44,135,111,161,124,129,126,126,71,50,44,137,57,62,54,158,140,132,131,192,196,170,133,123,85,2540,165,328,328,6410,6416,6191,6331,6270,6170,2531,2253,29997,29998]} 1. e4 c6 2. d4 d5 3. e5 Bf5 4. Nd2 e6 5. Nb3 Ne7 {B12: Caro-Kann: Advance Variation} 6. Nf3 Bg6 7. Be2 Nf5 8. O-O Be7 9. a4 {LiveBook: 3 Games} O-O 10. a5 Nd7 11. c4 dxc4 12. Bxc4 Bh5 13. Be2 c5 {[#]} 14. Bf4 $146 (14. h3 Bxf3 15. Bxf3 cxd4 {1-0 (41) David,A (2605)-Bareev,E (2635) Paris 2009}) 14... cxd4 15. Nfxd4 Bxe2 16. Qxe2 {aiming for Nxf5.} Nc5 17. Nxf5 Nxb3 (17... exf5 $14 18. Rfd1 Qe8) 18. Rad1 $16 {[%cal Ba1d1,Bd1d6,Bd6d7][%mdl 32]} ({Much weaker is} 18. Nxe7+ $6 Qxe7 19. Ra4 Qd7 $11) 18... Qc7 19. Nxe7+ Qxe7 20. Qb5 Nc5 {[#]} 21. b4 (21. Be3 $142 $1 {[%cal Re3c5]} Rfc8 22. Rd6) 21... Na6 22. Rd6 Nb8 {[#]} (22... Rfb8 $14) 23. Rfd1 (23. Be3 $1 $16) 23... a6 $1 $14 {[%cal Ra6b5]} 24. Qc5 Qe8 (24... Re8 $1 $14) 25. Bg5 Nc6 26. Rd7 f6 (26... h6 $16) 27. exf6 $18 ({And not} 27. Rxb7 Rd8 28. Bd2 Nxe5 $15) 27... gxf6 28. Bh6 Rf7 29. R7d3 Rd8 $2 {[%mdl 8192]} (29... e5 $16) 30. Qh5 $2 $40 {[%mdl 128] Black is in trouble.} (30. Rxd8 Nxd8 31. Qc8) 30... Rxd3 $2 (30... Rc8 {was necessary.} 31. Qg4+ Kh8) 31. Rxd3 {White wants to mate with Rg3+.} Ne5 $2 (31... Kh8 32. Rg3 Qd7) 32. Rg3+ Ng6 33. Rxg6+ hxg6 34. Qxg6+ Kh8 {[#]} 35. Bg7+ $1 {[%mdl 512]} Kg8 (35... Rxg7 36. Qxe8+) 36. Bxf6+ 1-0

[Event "1.FrauenBL 2016-17"]
[Site "Berlin"]
[Date "2017.04.29"]
[Round "10.4"]
[White "Movsesian, Julia"]
[Black "Muzychuk, Anna"]
[Result "0-1"]
[WhiteElo "2318"]
[BlackElo "2587"]
[Annotator "TA"]
[PlyCount "106"]
[EventDate "2017.??.??"]
[EventType "team-tourn"]
[EventCountry "GER"]
[SourceTitle "playchess.com"]
[Source "ChessBase"]
[SourceQuality "1"]
[WhiteTeam "Rodewischer SM"]
[BlackTeam "OSG Baden-Baden"]

{[%evp 17,106,12,12,-4,-3,-12,0,-30,-24,-16,0,-35,-29,-34,23,-33,0,-14,0,-138,-143,-164,-44,-49,-29,-58,-25,-65,-47,-70,-51,-63,-47,-73,-62,-80,-72,-82,-46,-124,-113,-129,-121,-120,-127,-137,-137,-137,-142,-139,-113,-141,-149,-143,-136,-154,-143,-169,-163,-159,-158,-166,-175,-168,-168,-179,-165,-153,-133,-165,-138,-141,-117,-134,-137,-148,-123,-140,-131,-231,-222,-277,-263,-255,-227,-357,-336,-435,-445,-858,-656]} 1. e4 c5 2. Nf3 Nc6 3. Bb5 g6 4. O-O Bg7 5. Re1 e5 6. c3 Nge7 7. a3 O-O {B31: Sicilian: 2...Nc6 3 Bb5 g6} 8. b4 d6 9. d3 h6 {LiveBook: 4 Games. The position is equal.} 10. Be3 b6 11. Bc4 $146 (11. Ba4 f5 12. Bc1 Be6 13. Nbd2 Qc7 {½-½ (31) Florea,M (2449)-Fetisov,A (2365) ICCF email 2013}) 11... Kh7 12. Nbd2 f5 {[%cal Bf7f5,Bf5f4][%mdl 32]} 13. Nf1 f4 14. Bc1 g5 15. h3 Rb8 (15... Qe8 $15) 16. Qe2 ({Better is} 16. Bb2 $11) 16... Ng6 17. Rd1 Bd7 18. Bb2 (18. N1h2 $11 {remains equal.}) 18... h5 $1 $17 19. N3h2 {[#]} Kh6 (19... g4 $1 $19 {[%mdl 512] And now ...f3 would win.} 20. hxg4 hxg4) 20. Nd2 $15 Qc8 21. f3 Bf6 22. Ba2 Qc7 23. Rac1 Rbd8 24. Ndf1 Qb8 25. Bd5 Nce7 26. Bb3 b5 27. Ra1 {[#]} a5 $1 {[%mdl 512]} 28. bxa5 (28. bxc5 $1 $15 dxc5 29. a4) 28... Nc6 $17 29. a6 Qb6 {White must now prevent ...c4+.} 30. Kh1 Na5 31. Bd5 Ne7 32. Ba2 Qxa6 33. Nd2 Ra8 34. Qf2 Qc8 35. Qe2 Ra7 36. Rac1 Nac6 {[%cal Ba5c6,Bc6e7,Be7f5][%mdl 32]} 37. Bd5 Nxd5 38. exd5 Ne7 39. c4 Nf5 {Hoping for ...Ng3+.} 40. Ne4 Be7 41. Nf1 bxc4 42. dxc4 Bd8 43. Kg1 Ba4 44. Rd3 Rg7 45. Rb1 Qa6 46. Rc1 Bd7 47. Rb3 Rfg8 48. Re1 {[#]} (48. Kh1 $17 {might work better.}) 48... Ba4 $1 $19 {[%cal Ra4b3]} 49. Rb5 Bxb5 50. cxb5 Qa4 51. Kh1 (51. g4 {was necessary.} fxg3 52. Nfxg3 Nxg3 53. Nxg3) 51... Qb3 52. Qd2 Qxb5 53. h4 (53. Qc2 $142) 53... Ba5 {Precision: White = 23%, Black = 63%.} 0-1

[Event "1.FrauenBL 2016-17"]
[Site "Berlin"]
[Date "2017.04.29"]
[Round "10.4"]
[White "Umpfenbach, Carolin"]
[Black "Waechter, Nathalie"]
[Result "0-1"]
[WhiteElo "2131"]
[BlackElo "2007"]
[Annotator "TA"]
[PlyCount "98"]
[EventDate "2017.??.??"]
[EventType "team-tourn"]
[EventCountry "GER"]
[SourceTitle "playchess.com"]
[Source "ChessBase"]
[SourceQuality "1"]
[WhiteTeam "SV Medizin Erfurt"]
[BlackTeam "TuRa Harksheide"]

{[%evp 19,98,35,37,28,35,2,12,29,20,0,11,18,30,16,17,17,63,60,54,31,29,7,18,12,44,27,27,-13,0,0,0,0,0,0,0,0,0,0,0,0,11,0,4,4,55,0,0,0,15,13,13,0,0,0,8,0,0,0,8,0,14,0,0,0,0,0,0,0,0,0,0,0,0,-234,-221,-525,-513,-29967,-29972,-29971,-29973]} 1. d4 d5 2. c4 e6 3. Nc3 Nf6 4. Nf3 Be7 5. Bg5 Nbd7 6. e3 O-O 7. Rc1 Re8 8. Be2 dxc4 9. Bxc4 c5 10. O-O cxd4 {LiveBook: 4 Games. D63: Queen's Gambit Declined: Classical: 7 Rc1} 11. Qxd4 a6 12. a4 (12. Be2 $5 {feels hotter.} b5 13. a4 bxa4 14. Nxa4 Bb7 15. Bf4) 12... Qb6 $146 {The position is equal.} (12... Qa5 13. e4 Bc5 14. Qd2 Bb4 15. Qf4 e5 16. Qh4 Bxc3 17. Rxc3 Qxa4 18. Rfc1 Rf8 19. Bh6 b5 20. Qg5 Ne8 21. Bd5 b4 22. b3 Qa5 23. Rxc8 Rxc8 24. Rxc8 Kh8 25. Qe7 gxh6 26. g3 {1-0 (26) Lesiege,A (2535)-Legky,N (2482) Montreal 2003}) 13. Qxb6 Nxb6 14. Bb3 Bd7 15. Rfd1 Bc6 16. Nd4 Bd5 17. Nxd5 Nfxd5 18. Bxe7 Nxe7 19. e4 Rac8 20. a5 Rxc1 $1 21. Rxc1 Rc8 (21... Nbc8 $5 {is more complex.} 22. Ba4 Rd8 23. Nf3 Nd6 24. Rd1 f6) 22. Rxc8+ Nbxc8 $14 {[%mdl 4096] Endgame KBN-KNN} 23. Bc2 Nd6 24. Bd3 e5 25. Nc2 Nc6 26. b4 $1 Kf8 27. f3 Ke7 28. Kf2 Ne8 29. Ke3 Nc7 30. Bc4 f6 31. Kd3 Ne6 (31... h5 $11) 32. Bxe6 (32. Bd5 $14) 32... Kxe6 {KN-KN} 33. Kc4 Kd6 $1 34. Ne3 {Black should prevent Nf5+.} Nd4 35. h3 h6 {[%cal Bh7h6,Bh6h5][%mdl 32]} 36. Kc3 g6 37. Ng4 Ne2+ 38. Kc4 h5 39. Nxf6 Nf4 40. b5 Nxg2 41. bxa6 bxa6 {...Nf4 is the strong threat.} 42. Nd5 Ne1 43. f4 Nf3 44. Kd3 exf4 45. Nxf4 Ne5+ 46. Kc3 $2 {[#]} (46. Ke3 $11) 46... h4 $1 $19 47. Nd3 $2 (47. Ne2 {is tougher.}) 47... g5 {[%cal Bg6g5,Bg5g4][%mdl 32] Strongly threatening ...Nxd3.} 48. Kd4 {[#]} (48. Nc1 $19 g4 49. hxg4) 48... Nxd3 $1 49. Kxd3 {[#]} g4 $1 {[%mdl 512]} 0-1

[Event "1.FrauenBL 2016-17"]
[Site "Berlin"]
[Date "2017.04.29"]
[Round "10.4"]
[White "Markgraf, Claudia"]
[Black "Bluebaum, Bettina"]
[Result "1-0"]
[WhiteElo "1959"]
[BlackElo "1987"]
[Annotator "NA"]
[PlyCount "85"]
[EventDate "2017.??.??"]
[EventType "team-tourn"]
[EventCountry "GER"]
[SourceTitle "playchess.com"]
[Source "ChessBase"]
[SourceQuality "1"]
[WhiteTeam "SK Lehrte"]
[BlackTeam "Hamburger SK"]
[TimeControl "40/6000+30:3000+30"]

1. e4 {[%emt 1:30:26]} e6 {[%emt 1:30:12]} 2. d4 {[%emt 1:30:12]} d5 {[%emt 1:30:51]} 3. e5 {[%emt 1:30:37]} c5 {[%emt 1:30:56]} 4. c3 {[%emt 1:31:23]} Nc6 {[%emt 1:31:10]} 5. Nf3 {[%emt 1:31:30]} Bd7 {[%emt 1:31:11]} 6. a3 {[%emt 1:31:11]} f6 {[%emt 1:30:08]} 7. Be2 {[%emt 1:25:00]} Qc7 {[%emt 1:25:29]} 8. Bf4 {[%emt 1:25:29]} h6 {[%emt 1:20:47]} 9. Bg3 {[%emt 1:09:38]} f5 {[%emt 1:09:38]} 10. h4 {[%emt 0:54:20]} c4 {[%emt 1:06:40]} 11. Nbd2 {[%emt 0:51:23]} Na5 {[%emt 0:51:23]} 12. h5 {[%emt 0:44:53]} O-O-O {[%emt 0:44:53]} 13. Nh4 {[%emt 0:37:36]} Ne7 {[%emt 1:01:00]} 14. Rb1 {[%emt 1:01:00]} Kb8 {[%emt 0:51:00]} 15. O-O {[%emt 0:35:48]} Rg8 {[%emt 0:49:56]} 16. Re1 $11 {[%emt 0:24:19]} Be8 {[%emt 0:49:17]} 17. Bf3 {[%emt 0:12:07]} g5 {[%emt 0:44:11]} 18. hxg6 {[%emt 0:12:25]} Bxg6 {[%emt 0:35:49]} 19. Nxg6 {[%emt 0:05:46]} Nxg6 {[%emt 0:36:04]} 20. Qc2 {[%emt 0:04:27]} f4 {[%emt 0:35:11]} 21. Bh2 {[%emt 0:04:53]} Qg7 {[%emt 0:35:14]} 22. Kh1 {[%emt 0:04:04]} Nh4 {[%emt 0:33:36]} 23. Rg1 {[%emt 0:04:12]} Qg5 {[%emt 0:33:43]} 24. b3 {[%emt 0:01:47]} cxb3 {[%emt 0:23:17]} 25. Qd3 {[%emt 0:01:37]} Nf5 {[%emt 0:21:15]} 26. Nxb3 {[%emt 0:00:27]} Nc4 {[%emt 0:15:42]} 27. Nd2 {[%emt 0:00:25]} Nb6 {[%emt 0:12:51]} 28. Nf1 {[%emt 0:12:51]} Rg7 {[%emt 0:06:02]} 29. g3 {[%emt 0:00:34]} fxg3 {[%emt 0:05:45]} 30. Nxg3 {[%emt 0:00:56]} Nxg3+ {[%emt 0:02:13]} 31. Rxg3 {[%emt 0:01:24]} Qe7 {[%emt 0:01:58]} 32. Rxg7 {[%emt 0:01:38]} Bxg7 {[%emt 0:02:14]} 33. Rg1 {[%emt 0:01:59]} Qf7 {[%emt 0:01:59]} 34. Bg3 {[%emt 0:00:37]} Rf8 {[%emt 0:02:19]} 35. Bg4 {[%emt 0:00:37]} h5 {[%emt 0:02:35]} 36. Bh3 {[%emt 0:00:49]} Bh6 {[%emt 0:02:34]} 37. Bh4 {[%emt 0:00:54]} Nc4 {[%emt 0:00:54]} 38. Qg6 {[%emt 0:01:57]} Bd2 {[%emt 0:00:22]} 39. Qxf7 {[%emt 0:00:22]} Rxf7 {[%emt 0:00:50]} 40. Bxe6 {[%emt 0:00:50]} Rf3 {[%emt 0:01:04]} 41. Rg8+ {[%emt 0:01:04]} Kc7 {[%emt 0:25:29]} 42. Rc8+ {[%emt 0:21:22]} Kb6 {[%emt 0:21:22]} 43. Bd8+ {[%emt 0:31:51] --- 0:21:09 Rc7 0:21:09 Rf5 0:21:09 Bc7 0:21:09 Ne3 0:21:09 Bf7+ 0:21:09 --- 0:21:09 Rg7+ 0:21:09} 1-0

[Event "1.FrauenBL 2016-17"]
[Site "Berlin"]
[Date "2017.04.29"]
[Round "10.5"]
[White "Muzychuk, Mariya"]
[Black "Lubbe, Melanie"]
[Result "1-0"]
[WhiteElo "2546"]
[BlackElo "2298"]
[Annotator "TA"]
[PlyCount "75"]
[EventDate "2017.??.??"]
[EventType "team-tourn"]
[EventCountry "GER"]
[SourceTitle "playchess.com"]
[Source "ChessBase"]
[SourceQuality "1"]
[WhiteTeam "OSG Baden-Baden"]
[BlackTeam "Rodewischer SM"]

{[%evp 20,75,0,0,-4,-7,0,-6,-17,0,48,40,64,67,75,64,87,75,81,67,74,68,60,90,56,0,130,10,75,70,103,89,97,77,144,151,160,181,160,143,164,141,587,602,736,620,29984,29985,29990,29991,29989,29990,29990,29991,29991,29992,29994,29995]} 1. e4 c5 2. Nf3 d6 3. d4 cxd4 4. Nxd4 Nf6 5. Nc3 Nc6 6. Bg5 e6 7. Qd2 a6 8. O-O-O Bd7 9. f4 b5 10. Qe1 Nxd4 {B67: Sicilian: Richter-Rauzer: 7...a6 8 0-0-0 Bd7, lines without 9 f4 Be7} 11. Rxd4 {LiveBook: 20 Games} Qb6 12. Qd2 Bc6 {The position is equal.} 13. Bxf6 (13. Be2 b4 14. Nd5 exd5 15. exd5 Bb5 16. Bxf6 gxf6 17. Rxb4 Qc5 18. Re1 Kd8 19. a3 f5 20. Bxb5 axb5 21. Qe2 Kc7 22. Rxb5 Qd4 23. Rb4 Qa7 24. Qb5 Bh6 25. Re7+ {1-0 (25) Lobanov,S (2429)-Kozul,Z (2613) Tallinn 2016}) 13... gxf6 14. Be2 h5 15. Bf3 O-O-O 16. Kb1 Be7 $146 (16... h4 17. Rd1 Qc5 18. Rd3 {1-0 (48) Holaszek,H-Sigurjonsson,G Harrachov 1967}) 17. h4 Bb7 18. Rd1 Kb8 19. Ne2 f5 20. exf5 Bxf3 21. gxf3 Bxh4 22. a4 (22. Rxd6 Rxd6 23. Qxd6+ Qxd6 24. Rxd6 exf5 $17) (22. fxe6 $14 fxe6 23. Rd3 (23. Rxd6 Rxd6 24. Qxd6+ Qxd6 25. Rxd6 Bf2 $15)) 22... Bf2 (22... exf5 $6 23. axb5 (23. Rxd6 $2 Rxd6 24. Qxd6+ Qxd6 25. Rxd6 bxa4 $17) 23... Bf2 24. Rd5 $16 (24. Rxd6 Rxd6 25. Qxd6+ Qxd6 26. Rxd6 axb5 $17)) (22... Bf6 $1 $11 {remains equal.} 23. Rb4 (23. Rxd6 Rxd6 24. Qxd6+ Qxd6 25. Rxd6 h4 $11) 23... h4) 23. Rb4 (23. Rxd6 Rxd6 24. Qxd6+ Qxd6 25. Rxd6 exf5 26. axb5 (26. Rxa6 $2 h4 27. Rd6 h3 $19) 26... axb5 $17) (23. Rd3 $1 $16) 23... Bc5 (23... Qe3 $11 24. Qxe3 (24. axb5 $2 Qxd2 25. Rxd2 Be1 $19) 24... Bxe3) 24. Rb3 $16 b4 25. fxe6 fxe6 {[#]} 26. Nd4 $1 Rde8 {[#]} (26... d5 $142) 27. a5 $1 {[%cal Ra5b6][%mdl 512]} Qc7 {[#]} (27... Qxa5 28. Nc6+) 28. c3 $1 {[%cal Bc2c3,Bc3b4][%mdl 32]} ({Don't do} 28. f5 $6 exf5 29. c3 (29. Nxf5 Qxa5 30. Nxd6 Rd8 $14) 29... Qf7 $16) 28... h4 29. cxb4 Bxd4 30. Qxd4 {Threatens to win with Rc3.} d5 $2 {[%mdl 8192]} (30... Rh5 $16 {is more resistant.}) 31. Rc1 $18 Qh7+ 32. Ka2 h3 33. b5 {White mates.} axb5 34. Rxb5+ Ka8 35. Qb6 Rb8 36. Qa6+ ({Less strong is} 36. Qxe6 Rxb5 37. Qa6+ Qa7 38. Qxb5 Qb7 $16) 36... Qa7 37. Qc6+ Rb7 38. a6 {Precision: White = 63%, Black = 34%.} 1-0

[Event "1.FrauenBL 2016-17"]
[Site "Berlin"]
[Date "2017.04.29"]
[Round "10.5"]
[White "Shvayger, Yuliya"]
[Black "Boric, Elena"]
[Result "1-0"]
[WhiteElo "2416"]
[BlackElo "2204"]
[Annotator "TA"]
[PlyCount "105"]
[EventDate "2017.??.??"]
[EventType "team-tourn"]
[EventCountry "GER"]
[SourceTitle "playchess.com"]
[Source "ChessBase"]
[SourceQuality "1"]
[WhiteTeam "SF Deizisau"]
[BlackTeam "FC Bayern München"]

{[%evp 26,105,30,26,27,29,51,43,86,79,89,85,109,69,75,76,75,79,76,72,91,91,89,75,89,68,72,56,64,66,65,65,87,70,85,78,84,75,70,23,74,72,93,80,126,122,152,114,165,164,160,157,154,154,135,0,206,192,237,245,254,242,286,273,504,507,485,470,450,414,511,475,745,452,406,378,4570,1722,29979,29981,29979,29980]} 1. e4 {[%cal Be2e4,Be4e5][%mdl 32]} Nf6 2. e5 Nd5 3. d4 d6 4. c4 Nb6 5. exd6 cxd6 6. Nc3 g6 7. Be3 Bg7 8. Rc1 O-O 9. b3 e5 10. dxe5 dxe5 11. Qxd8 Rxd8 12. c5 N6d7 {[%cal Bb6d7,Bd7f8,Bf8e6][%mdl 32]} 13. Nf3 Nc6 14. Bc4 h6 {B03: Alekhine's Defence: Four Pawns Attack} 15. Ne4 {Hoping for Nd6.} Nf8 16. Nd6 Ne6 {White is slightly better.} 17. O-O Rb8 18. Rfd1 {[#]} Kf8 $146 (18... Bd7 19. Rd2 Na5 20. Bd5 {1-0 (42) Almasi,Z (2650)-Miroshnichenko,E (2617) Germany 2004}) 19. Nxc8 (19. h4 $5 {is more complex.} Bd7 20. Bd5 Nb4 21. Nxb7 Rdc8 22. Na5) 19... Rbxc8 20. Bxe6 $1 fxe6 21. Rxd8+ Rxd8 22. Nd2 Kf7 23. Ne4 Bf8 24. Kf1 Rd7 25. g3 g5 26. Ke2 g4 27. Rc4 h5 28. b4 a6 29. a4 Nd4+ 30. Bxd4 exd4 $16 {[%mdl 4096] Endgame KRB-KRN} 31. Kd3 e5 32. Rc1 Be7 33. h3 gxh3 34. Rh1 Rc7 35. Rxh3 Kg6 36. Rh1 a5 (36... Rc8 $16) 37. bxa5 $18 Bxc5 38. Rb1 Be7 {[#]} 39. Rb5 $1 h4 40. Rxe5 ({Only move:} 40. gxh4 $16 Bxh4 41. Rxe5) 40... hxg3 $2 (40... h3 $11 41. g4 Bh4 42. Re6+ (42. Rh5 Rh7 43. Rb5 h2 $15) 42... Kg7) 41. fxg3 {[%cal Bf2g3,Bg3g4][%mdl 32]} Ba3 42. Rb5 Rd7 43. g4 Bf8 44. Rb6+ Kg7 $2 {[#]} (44... Kf7 45. Rf6+ Ke7) 45. Nf6 Rf7 46. Nh5+ ({Stronger than} 46. Kxd4 Rxf6 47. Rxb7+ Kg8 $11) 46... Kh8 47. Kxd4 Rd7+ 48. Ke4 Rc7 (48... Be7 $142 49. a6 bxa6 50. Rxa6 Rd1) 49. a6 bxa6 50. Rxa6 Bb4 $2 (50... Be7 51. Nf4 Kg8) 51. Rh6+ Kg8 52. Nf6+ Kf8 53. Rh8+ 1-0

[Event "1.FrauenBL 2016-17"]
[Site "Berlin"]
[Date "2017.04.29"]
[Round "10.5"]
[White "Koehler, Inken"]
[Black "v.d. Weth-v. Nordheim, Petra"]
[Result "1-0"]
[WhiteElo "1968"]
[BlackElo "1983"]
[Annotator "NA RC"]
[PlyCount "104"]
[EventDate "2017.??.??"]
[EventType "team-tourn"]
[EventCountry "GER"]
[SourceTitle "playchess.com"]
[Source "ChessBase"]
[SourceQuality "1"]
[WhiteTeam "TuRa Harksheide"]
[BlackTeam "SV Medizin Erfurt"]
[TimeControl "40/6000+30:3000+30"]

1. e4 {[%emt 1:30:27]} c5 {[%emt 1:30:18]} 2. Nf3 {[%emt 1:30:38]} Nc6 {[%emt 1:30:39]} 3. Bb5 {[%emt 1:30:41]} d5 {[%emt 1:30:38]} 4. exd5 {[%emt 1:29:46]} Qxd5 {[%emt 1:30:44]} 5. Nc3 {[%emt 1:29:25]} Qe6+ {[%emt 1:29:21]} 6. Qe2 {[%emt 1:29:21]} Qxe2+ {[%emt 1:28:29]} 7. Nxe2 {[%emt 1:28:03]} Bd7 {[%emt 1:28:03]} 8. d4 {[%emt 1:13:37]} e6 {[%emt 1:06:21]} 9. c3 {[%emt 1:09:13]} cxd4 {[%emt 1:03:48]} 10. Nexd4 {[%emt 1:08:20]} Nxd4 {[%emt 1:02:51]} 11. Nxd4 {[%emt 1:07:57]} e5 {[%emt 0:47:41]} 12. Bxd7+ {[%emt 1:07:50]} Kxd7 {[%emt 0:48:08]} 13. Nf3 {[%emt 1:07:25]} f6 {[%emt 0:47:17]} 14. Be3 {[%emt 1:06:37]} Ne7 {[%emt 0:43:41]} 15. O-O-O+ {[%emt 1:00:44]} Ke6 {[%emt 0:41:19]} 16. Bc5 {[%emt 0:41:19]} Nc6 {[%emt 0:38:41]} 17. Bxf8 {[%emt 0:48:38]} Rhxf8 {[%emt 0:37:39]} 18. Rhe1 $11 {[%emt 0:42:50]} Rfd8 {[%emt 0:36:44]} 19. Nd4+ {[%emt 0:38:51]} Nxd4 {[%emt 0:36:30]} 20. cxd4 {[%emt 0:38:50]} Rac8+ {[%emt 0:36:47]} 21. Kb1 {[%emt 0:39:14]} Rc4 {[%emt 0:39:14]} 22. dxe5 {[%emt 0:38:25]} Rxd1+ {[%emt 0:34:23]} 23. Rxd1 {[%emt 0:38:48]} fxe5 {[%emt 0:38:48]} 24. b3 {[%emt 0:34:36]} Rc7 {[%emt 0:36:21]} 25. Rd3 {[%emt 0:33:24]} Kf5 {[%emt 0:23:16]} 26. Kb2 {[%emt 0:31:44]} Ke4 {[%emt 0:17:38]} 27. Rc3 {[%emt 0:29:02]} Rf7 {[%emt 0:29:02]} 28. f3+ {[%emt 0:25:38]} Kd4 {[%emt 0:08:41]} 29. Kc2 {[%emt 0:23:55]} b5 {[%emt 0:07:10]} 30. Rd3+ {[%emt 0:07:10]} Kc5 {[%emt 0:07:39]} 31. Re3 {[%emt 0:19:48]} Kd4 {[%emt 0:06:40]} 32. Rd3+ {[%emt 0:13:32]} Kc5 {[%emt 0:07:04]} 33. Rd8 {[%emt 0:13:46]} Re7 {[%emt 0:05:01]} 34. Kd3 {[%emt 0:05:01]} Kb4 {[%emt 0:04:25]} 35. Ke4 {[%emt 0:11:03]} Kc3 {[%emt 0:03:57]} 36. Rd5 {[%emt 0:03:57]} Kb4 {[%emt 0:02:26]} 37. g4 {[%emt 0:02:26]} g5 {[%emt 0:01:03]} 38. Rxe5 {[%emt 0:01:03]} Rxe5+ {[%emt 0:01:31]} 39. Kxe5 {[%emt 0:01:41]} Ka3 {[%emt 0:01:55]} 40. Kf5 {[%emt 0:01:57]} Kxa2 {[%emt 0:02:23]} 41. Kxg5 {[%emt 0:02:06]} a5 {[%emt 0:02:09]} 42. f4 {[%emt 0:02:07]} b4 {[%emt 0:00:46]} 43. f5 {[%emt 0:01:59]} a4 {[%emt 0:01:14]} 44. bxa4 {[%emt 0:29:58]} b3 {[%emt 0:29:58]} 45. f6 {[%emt 0:30:24]} b2 {[%emt 0:31:17]} 46. f7 {[%emt 0:30:48]} b1=Q {[%emt 0:31:21]} 47. f8=Q {[%emt 0:31:21]} Qc1+ {[%emt 0:29:17]} 48. Kh5 {[%emt 0:29:52]} Qc2 {[%emt 0:24:45]} 49. Qf4 {[%emt 0:26:43]} Ka3 {[%emt 0:21:22]} 50. a5 {[%emt 0:25:29]} Qc6 {[%emt 0:20:44]} 51. Qf5 {[%emt 0:23:41]} Qc7 {[%emt 0:20:24]} 52. h4 {[%emt 0:23:01]} Qd8 {[%emt 0:23:01]} 1-0